[Event "Najdorf Memorial"]
[Site "Warsaw POL"]
[Date "2015.07.14"]
[Round "5.3"]
[White "Markowski, Tomasz"]
[Black "Volokitin, Andrei"]
[Result "1/2-1/2"]
[WhiteElo "2566"]
[BlackElo "2654"]
[Annotator ""]
[Source ""]
[Remark ""]

1.d4 Nf6 2.c4 g6 3.Nc3 d5 4.cxd5 Nxd5 5.g3 Bg7 6.Bg2 Nxc3 7.bxc3
c5 8.Nf3 Nc6 9.Be3 cxd4 10.Nxd4 Bd7 11.O-O O-O 12.Rb1 Rb8 13.Nxc6
Bxc6 14.Bxa7 Ra8 15.Bxc6 bxc6 16.Rb7 Qa5 17.Bd4 e5 18.Be3 Qxa2
19.Rd7 Qc4 20.Qd3 1/2-1/2

[Event "Najdorf Memorial"]
[Site "Warsaw POL"]
[Date "2015.07.14"]
[Round "5.4"]
[White "Efimenko, Zahar"]
[Black "Bromberger, Stefan"]
[Result "1-0"]
[WhiteElo "2652"]
[BlackElo "2556"]
[Annotator ""]
[Source ""]
[Remark ""]

1.e4 c5 2.Nf3 d6 3.Bb5+ Bd7 4.c4 Nc6 5.Nc3 g6 6.d4 cxd4 7.Nxd4
Bg7 8.Be3 Nf6 9.f3 O-O 10.O-O Qb8 11.Qd2 Rc8 12.Rac1 a6 13.Nxc6
bxc6 14.Ba4 Be6 15.Ne2 Nd7 16.Bd4 Ne5 17.b3 Nd7 18.Bxg7 Kxg7
19.f4 Qb6+ 20.Kh1 f6 21.Nc3 Qb4 22.Rf3 Nb6 23.Rd3 a5 24.h3 Bxc4
25.Rd4 Nxa4 26.Rxc4 Nxc3 27.Rxb4 axb4 28.e5 fxe5 29.fxe5 Ne4
30.Qe1 d5 31.Qxb4 Kf7 32.Qb7 Rd8 33.Rxc6 Rxa2 34.Rc7 Ng3+ 35.Kg1
Ra1+ 36.Kf2 Ne4+ 37.Ke3 Re1+ 38.Kd4 Rd1+ 39.Ke3 Re1+ 40.Kf3 Rf8
41.Rc8 Rxc8 42.Qxc8 Rb1 43.Kf4 Rxb3 44.e6+ Kf6 45.Qg8 1-0

[Event "Najdorf Memorial"]
[Site "Warsaw POL"]
[Date "2015.07.14"]
[Round "5.5"]
[White "Warakomski, Tomasz"]
[Black "Safarli, Eltaj"]
[Result "0-1"]
[WhiteElo "2449"]
[BlackElo "2649"]
[Annotator ""]
[Source ""]
[Remark ""]

1.e4 c5 2.Nf3 Nc6 3.Bb5 d6 4.O-O Bd7 5.Re1 Nf6 6.Nc3 g6 7.Bxc6
Bxc6 8.e5 dxe5 9.Nxe5 Rc8 10.d3 Bg7 11.Bg5 h6 12.Bf4 Nd5 13.Nxd5
Qxd5 14.Qg4 Bd7 15.Qe2 e6 16.c4 Qd4 17.Qe4 Qxe4 18.dxe4 Bc6 19.Rad1
g5 20.Bg3 Ke7 21.f3 Rhd8 22.Rxd8 Rxd8 23.Nxc6+ bxc6 24.e5 Rd2
25.Re3 f5 26.exf6+ Bxf6 27.Ra3 Bxb2 28.Rxa7+ Kf6 29.Rh7 Rd1+
30.Kf2 Bd4+ 31.Ke2 Rg1 32.Rxh6+ Kf5 33.Be1 Rxg2+ 34.Kd3 Bg7 35.Rh3
Rxa2 36.Bd2 Be5 37.Rh6 Bg7 38.Rh3 Bf6 39.Rh7 Be5 40.Rh6 Ra3+
41.Ke2 Bc3 42.Be3 Bg7 43.Rh5 Bf6 44.Rh7 Rc3 45.Rc7 Bd4 46.Bxd4
cxd4 47.Rxc6 Re3+ 48.Kf2 Kf4 49.Rd6 Rxf3+ 50.Kg2 Rd3 51.Rxe6
Rd2+ 52.Kf1 Rxh2 53.c5 Rc2 54.c6 d3 55.Ke1 g4 56.Rf6+ Ke3 57.Re6+
Kf3 58.Rd6 Kg2 59.Rg6 g3 60.Rh6 Kg1 61.Rg6 g2 62.Rf6 Kh2 63.Rh6+
Kg3 64.Rg6+ Kf3 65.Rf6+ Ke4 66.Rg6 g1Q+ 0-1

[Event "Najdorf Memorial"]
[Site "Warsaw POL"]
[Date "2015.07.14"]
[Round "5.6"]
[White "Piorun, Kacper"]
[Black "Kanarek, Marcel"]
[Result "1-0"]
[WhiteElo "2591"]
[BlackElo "2508"]
[Annotator ""]
[Source ""]
[Remark ""]

1.e4 c6 2.d4 d5 3.Nd2 dxe4 4.Nxe4 Bf5 5.Ng3 Bg6 6.Nh3 Nf6 7.Nf4
e5 8.dxe5 Qa5+ 9.c3 Qxe5+ 10.Be2 Qc7 11.O-O Bd6 12.Nxg6 hxg6
13.Re1 O-O 14.Qa4 Re8 15.Bg5 Nbd7 16.Bf1 Qb6 17.Qb3 Bxg3 18.hxg3
Qc5 19.Be3 Rxe3 20.Rxe3 Ng4 21.Qxb7 Nb6 22.Rae1 Qh5 23.Bc4 Kh7
24.Qxf7 Qh2+ 25.Kf1 Nxe3+ 26.Rxe3 Nxc4 27.Qxc4 Rd8 28.Ke2 Rb8
29.b4 Qxg2 30.Re4 Rb5 31.Rh4+ Rh5 32.a4 Qg1 33.Qg4 Kh6 34.Qf4+
Kh7 35.Qe4 Kh6 36.Qe8 Qb1 37.Qh8+ Kg5 38.Rxh5+ 1-0

[Event "Najdorf Memorial"]
[Site "Warsaw POL"]
[Date "2015.07.14"]
[Round "5.7"]
[White "Kveinys, Aloyzas"]
[Black "Mista, Aleksander"]
[Result "0-1"]
[WhiteElo "2497"]
[BlackElo "2585"]
[Annotator ""]
[Source ""]
[Remark ""]

1.d4 Nf6 2.Bg5 d6 3.Nc3 Nbd7 4.e4 e5 5.Be2 Be7 6.Qd2 c6 7.a4
exd4 8.Qxd4 Qb6 9.O-O-O Qxd4 10.Rxd4 Nc5 11.h4 a5 12.Nh3 Be6
13.f3 O-O-O 14.Rd2 h6 15.Be3 Nh5 16.Nf4 Ng3 17.Nxe6 fxe6 18.Rh3
Nxe2+ 19.Rxe2 Nd7 20.Re1 h5 21.Ne2 e5 22.c4 Kc7 23.Kc2 Nf8 24.Nc1
Ne6 25.Nd3 Bf6 26.Rd1 b6 27.b3 Kb7 28.Rhh1 d5 29.exd5 cxd5 30.cxd5
Nc7 31.Nf2 Nxd5 32.Bd2 Rc8+ 33.Kb1 Nc3+ 34.Bxc3 Rxc3 35.Rd3 Rhc8
36.Rhd1 Bxh4 37.Ne4 Rxd3 38.Rxd3 Rd8 39.Kc2 Rxd3 40.Kxd3 Kc6
41.Kc4 Bd8 42.Ng3 g6 43.Ne4 h4 44.Nf2 Kd6 45.Kd3 Kd5 46.Ng4 Bg5
47.Nf2 Be7 48.Nd1 e4+ 49.fxe4+ Ke5 50.Ke3 Bc5+ 51.Kf3 g5 52.Nc3
Kd4 53.Ne2+ Kd3 54.e5 g4+ 55.Kxg4 Kxe2 56.Kxh4 Ke3 0-1

[Event "Najdorf Memorial"]
[Site "Warsaw POL"]
[Date "2015.07.14"]
[Round "5.8"]
[White "Tomczak, Jacek"]
[Black "Sunilduth Lyna, Narayanan"]
[Result "1-0"]
[WhiteElo "2579"]
[BlackElo "2475"]
[Annotator ""]
[Source ""]
[Remark ""]

1.e4 c6 2.d4 d5 3.e5 Bf5 4.Nf3 e6 5.Be2 Nd7 6.O-O h6 7.Nbd2 Ne7
8.Nb3 Qc7 9.Bd2 a5 10.a4 g5 11.Rc1 Bg7 12.c4 O-O 13.Re1 f6 14.exf6
Nxf6 15.h4 Ng4 16.hxg5 Be4 17.g3 Nf5 18.Bf4 Qf7 19.cxd5 Bxd5
20.Bc4 hxg5 21.Bxd5 exd5 22.Nxg5 Qh5 23.Nf3 Bh6 24.Bxh6 Nfxh6
25.Nh4 Rxf2 26.Re6 Raf8 27.Rg6+ Kh8 28.Rxh6+ Qxh6 29.Qxg4 Qe3
30.Ng6+ Kh7 31.Nxf8+ Rxf8+ 32.Kg2 Qf2+ 33.Kh3 Rf6 34.Qd7+ Kg8
35.Qc8+ Kg7 36.Qxb7+ Rf7 37.Qc8 Rf6 38.Qd7+ Rf7 39.Qg4+ Kh8 40.Qc8+
Rf8 41.Qe6 Rf6 42.Qc8+ Rf8 43.Qd7 Rf6 44.Rxc6 Qf1+ 45.Kg4 Rg6+
46.Kh5 Rxc6 47.Qxc6 Qh3+ 48.Kg5 Qxg3+ 49.Kf6 Qf3+ 50.Kg6 Qe4+
51.Kf7 Qh7+ 52.Ke8 Qh5+ 53.Ke7 1-0

[Event "Najdorf Memorial"]
[Site "Warsaw POL"]
[Date "2015.07.14"]
[Round "5.9"]
[White "Krasenkow, Michal"]
[Black "Szczepkowska-horowska, Karina"]
[Result "1-0"]
[WhiteElo "2610"]
[BlackElo "2392"]
[Annotator ""]
[Source ""]
[Remark ""]

1.d4 d5 2.c4 e6 3.Nc3 Nf6 4.cxd5 exd5 5.Bg5 Be7 6.e3 O-O 7.Bd3
Nbd7 8.Nge2 h6 9.Bf4 c6 10.g4 Re8 11.Qc2 Nf8 12.f3 N6h7 13.O-O-O
Bg5 14.Kb1 Bd7 15.Be5 Bxe3 16.h4 Rxe5 17.dxe5 Qe7 18.g5 Qxe5
19.Rdf1 Qd6 20.Nd1 Bb6 21.f4 c5 22.Qd2 Rc8 23.Ne3 Bc6 24.Nc4
Qe7 25.Nxb6 axb6 26.gxh6 gxh6 27.f5 Qf6 28.Ng3 Kh8 29.Nh5 Qd4
30.Rf4 Qe5 31.Rg4 c4 32.Rhg1 Nd7 33.Qxh6 cxd3 34.f6 1-0

[Event "Najdorf Memorial"]
[Site "Warsaw POL"]
[Date "2015.07.14"]
[Round "5.10"]
[White "Macieja, Bartlomiej"]
[Black "Meskovs, Nikita"]
[Result "0-1"]
[WhiteElo "2586"]
[BlackElo "2457"]
[Annotator ""]
[Source ""]
[Remark ""]

1.c4 Nf6 2.Nf3 g6 3.Nc3 Bg7 4.e4 d6 5.d4 O-O 6.h3 e5 7.d5 a5
8.Bg5 Na6 9.Be2 Nc5 10.Nd2 c6 11.Nb3 Qb6 12.Nxc5 dxc5 13.O-O
cxd5 14.cxd5 Bd7 15.Qc2 a4 16.a3 Rfc8 17.Bxf6 Bxf6 18.Bg4 Qd6
19.Bxd7 Qxd7 20.Rad1 b5 21.d6 b4 22.Nd5 Qxd6 23.Nxb4 Qe6 24.Nd5
c4 25.Nc3 Qc6 26.Rd5 Rcb8 27.Rfd1 Kg7 28.Rd6 Qb7 29.R1d2 Bg5
30.Re2 Qb3 31.Rc6 Rd8 32.Nd5 Rac8 33.Ra6 Ra8 34.Rc6 Rdc8 35.Rb6
Qd3 36.Rb4 Rab8 37.Rxb8 Rxb8 38.Nc3 Ra8 39.Nd5 Qb3 40.Kf1 Bd8
41.Qc3 Qd1+ 42.Re1 Qd4 43.Rc1 Rc8 44.Qc2 f5 45.Nc3 Qd3+ 46.Qxd3
cxd3 47.Rd1 fxe4 48.Nxe4 Ba5 49.Rxd3 Rc1+ 50.Ke2 Rc2+ 51.Kd1
Rxb2 52.Rd7+ Kf8 53.Rxh7 Rb1+ 54.Kc2 Re1 55.Rh4 Bd8 56.Rg4 Kf7
57.f3 Bb6 58.Nc3 Bd4 59.Nxa4 Re3 60.f4 e4 61.f5 gxf5 62.Rf4 Ke6
63.g4 Rxa3 64.Rxf5 Rxa4 65.Kb3 Ra1 66.Rf4 Kd5 67.Rf5+ Be5 0-1

[Event "Najdorf Memorial"]
[Site "Warsaw POL"]
[Date "2015.07.14"]
[Round "5.11"]
[White "Dragun, Kamil"]
[Black "Nasuta, Grzegorz"]
[Result "1-0"]
[WhiteElo "2586"]
[BlackElo "2365"]
[Annotator ""]
[Source ""]
[Remark ""]

1.Nf3 Nf6 2.c4 g6 3.Nc3 d5 4.cxd5 Nxd5 5.g3 Bg7 6.Bg2 Nb6 7.d4
Nc6 8.e3 O-O 9.O-O Re8 10.a3 e5 11.d5 Na5 12.Qc2 Nac4 13.Rd1
Nd6 14.e4 Bd7 15.a4 a5 16.b3 Bg4 17.h3 Bxf3 18.Bxf3 f5 19.Kg2
Nd7 20.Nb5 Nxb5 21.axb5 Nf6 22.exf5 e4 23.Be2 gxf5 24.Bf4 Re7
25.Rac1 Ne8 26.b6 cxb6 27.d6 Rd7 28.Bb5 Rxd6 29.Qc4+ 1-0

[Event "Najdorf Memorial"]
[Site "Warsaw POL"]
[Date "2015.07.14"]
[Round "5.12"]
[White "Hnydiuk, Aleksander"]
[Black "Rozentalis, Eduardas"]
[Result "1/2-1/2"]
[WhiteElo "2370"]
[BlackElo "2530"]
[Annotator ""]
[Source ""]
[Remark ""]

1.d4 Nf6 2.c4 e6 3.g3 g6 4.Bg2 Bg7 5.Nf3 d6 6.O-O O-O 7.Nc3 Nc6
8.e4 h6 9.h3 e5 10.Be3 exd4 11.Nxd4 Bd7 12.Nxc6 bxc6 13.c5 Be6
14.Qa4 Qc8 15.Rfd1 Bxh3 16.cxd6 Bxg2 17.Kxg2 cxd6 18.Rxd6 Re8
19.Rad1 h5 20.Rxc6 Qb7 21.Rd2 Ng4 22.Bf4 Rac8 23.Rxc8 Rxc8 24.f3
Ne5 25.Qb5 Qe7 26.Bxe5 Bxe5 27.Qd7 Qxd7 28.Rxd7 a6 29.Ra7 Rc6
30.f4 Bd4 31.Ra8+ Kg7 32.e5 g5 33.Kh2 g4 34.Kg2 Bxc3 35.bxc3
Kg6 36.c4 Rxc4 37.Rxa6+ Kf5 38.Rf6+ Ke4 39.Rxf7 Rc2+ 40.Kf1 Ke3
41.Rb7 Rc1+ 1/2-1/2

[Event "Najdorf Memorial"]
[Site "Warsaw POL"]
[Date "2015.07.14"]
[Round "5.13"]
[White "Czerwonski, Aleksander"]
[Black "Bajarani, Ulvi"]
[Result "1-0"]
[WhiteElo "2375"]
[BlackElo "2515"]
[Annotator ""]
[Source ""]
[Remark ""]

1.d4 f5 2.Nf3 g6 3.g3 Bg7 4.Bg2 Nf6 5.c3 O-O 6.Qb3+ e6 7.Nbd2
Nc6 8.O-O Qe7 9.Nc4 d6 10.a4 Kh8 11.Qa3 a5 12.Ne1 Bd7 13.Nd3
b6 14.Bg5 Rae8 15.Nf4 Qf7 16.Bxf6 Bxf6 17.d5 Nd8 18.dxe6 Nxe6
19.Nd5 Bg7 20.Nxc7 Nxc7 21.Nxd6 Qe6 22.Nxe8 Bxe8 23.Rfd1 Rf6
24.e3 Bf8 25.Qa2 Qxa2 26.Rxa2 Bf7 27.Raa1 Na6 28.Rd8 Kg7 29.Ra8
Nc5 30.b4 axb4 31.cxb4 Nb3 32.Rb1 Nd2 33.Rb2 Rd6 34.a5 Ne4 35.Rb1
b5 36.Bxe4 fxe4 37.a6 Bd5 38.Ra7+ Kf6 39.Ra1 Rd8 40.Rd1 Bxb4
41.Rb7 Bxb7 42.Rxd8 Bxa6 43.Ra8 Ke5 44.Rxa6 Kd5 45.Kf1 Kc4 46.Ke2
Bc3 47.Re6 Kb3 48.Kd1 Kb2 49.Rxe4 b4 50.Re7 1-0

[Event "Najdorf Memorial"]
[Site "Warsaw POL"]
[Date "2015.07.14"]
[Round "5.14"]
[White "Snihur, Piotr"]
[Black "Sadzikowski, Daniel"]
[Result "0-1"]
[WhiteElo "2124"]
[BlackElo "2477"]
[Annotator ""]
[Source ""]
[Remark ""]

1.d4 Nf6 2.c4 g6 3.f3 Nc6 4.d5 Ne5 5.e4 d6 6.Nc3 Bg7 7.Be3 c6
8.Be2 O-O 9.Qb3 cxd5 10.cxd5 e6 11.O-O-O exd5 12.exd5 Re8 13.Bg5
a6 14.Nh3 Bxh3 15.gxh3 b5 16.Kb1 Qb6 17.Bc1 Ned7 18.Qb4 Rac8
19.Rhe1 Qf2 20.Ne4 Nxe4 21.fxe4 Nc5 22.Bg4 Rc7 23.Be3 Qxh2 24.Re2
Qe5 25.Bd4 Qf4 26.e5 Nd3 27.Qd2 Qxd2 28.Rexd2 Nxe5 29.Bxe5 Bxe5
30.Re2 h5 31.Bf3 Rec8 32.Be4 Rc4 33.a3 Kg7 34.Ka2 f5 35.Bf3 Kf6
36.Rf1 Rf4 37.Ref2 Rcc4 38.Kb3 Rh4 39.Bg2 Rhd4 40.Bf3 Rd3+ 41.Ka2
Re3 42.Kb1 Rf4 43.Kc2 Bd4 44.Bg2 Rxf2+ 45.Rxf2 Rxh3 46.Rxf5+
Kxf5 47.Bxh3+ Kf4 0-1

[Event "Najdorf Memorial"]
[Site "Warsaw POL"]
[Date "2015.07.14"]
[Round "5.15"]
[White "Klekowski, Maciej"]
[Black "Bilguun, Sumiya"]
[Result "1/2-1/2"]
[WhiteElo "2475"]
[BlackElo "2361"]
[Annotator ""]
[Source ""]
[Remark ""]

1.c4 c5 2.Nf3 Nf6 3.g3 b6 4.Bg2 Bb7 5.O-O g6 6.Nc3 Bg7 7.d4 cxd4
8.Qxd4 Nc6 9.Qh4 h6 10.Nd5 g5 11.Nxf6+ Bxf6 12.Qh5 e6 13.Nd2
Qe7 14.Ne4 d6 15.f4 g4 16.Qxg4 O-O-O 17.Qh5 Bd4+ 18.e3 d5 19.cxd5
exd5 20.Nf2 Bc5 21.a3 d4 22.b4 dxe3 23.bxc5 exf2+ 24.Rxf2 Nd4
25.Bb2 Bxg2 26.Kxg2 Qe4+ 27.Kh3 Rd5 28.Qg4+ Kb7 29.c6+ Kc7 30.Rd1
h5 31.Qg7 Qf5+ 32.Kg2 Qe4+ 33.Kh3 Qf5+ 34.Kg2 Rh7 35.Qg8 Qe4+
36.Kh3 Qf5+ 37.Kg2 Qe4+ 1/2-1/2

[Event "Najdorf Memorial"]
[Site "Warsaw POL"]
[Date "2015.07.14"]
[Round "5.16"]
[White "Skawinski, Arkadiusz"]
[Black "Drozdowski, Kacper"]
[Result "0-1"]
[WhiteElo "2358"]
[BlackElo "2468"]
[Annotator ""]
[Source ""]
[Remark ""]

1.e4 Nf6 2.e5 Nd5 3.Nc3 Nxc3 4.bxc3 d6 5.f4 g6 6.Nf3 Bg7 7.d4
O-O 8.Rb1 c5 9.Bd3 dxe5 10.fxe5 Nc6 11.Be3 Be6 12.O-O Bxa2 13.Rb5
cxd4 14.cxd4 Bd5 15.c3 a6 16.Rb2 b5 17.Ng5 Qd7 18.Rbf2 h6 19.Ne4
Bxe4 20.Bxe4 Rac8 21.Qd2 h5 22.Bh6 b4 23.Qg5 Qg4 24.Bxc6 Rxc6
25.Qxe7 Re6 26.Qb7 Bxh6 27.h3 Qh4 28.Rxf7 Rfe8 29.Qxb4 Bg7 30.Qb3
Kh7 31.Qd5 Qg5 32.Kh1 R8e7 33.Rxe7 Rxe7 34.c4 Qd2 35.Qe4 a5 36.Rf3
Qc1+ 37.Kh2 Qxc4 38.Rg3 Qf7 39.Rg5 Bh6 40.Rxh5 Kg7 41.Rh4 Qf5
42.Rg4 Qxe4 43.Rxe4 Kf7 44.Re2 a4 45.Rf2+ Kg7 46.Ra2 Ra7 47.Kg3
a3 48.Kf3 Bc1 0-1

[Event "Najdorf Memorial"]
[Site "Warsaw POL"]
[Date "2015.07.14"]
[Round "5.17"]
[White "Swiercz, Dariusz"]
[Black "Deszczynski, Adam"]
[Result "1-0"]
[WhiteElo "2634"]
[BlackElo "2356"]
[Annotator ""]
[Source ""]
[Remark ""]

1.d4 d5 2.c4 dxc4 3.Nf3 Nf6 4.e3 e6 5.Bxc4 c5 6.Qe2 a6 7.dxc5
Bxc5 8.O-O Nc6 9.e4 Qc7 10.e5 Ng4 11.Bf4 f6 12.Nbd2 Ngxe5 13.Nxe5
fxe5 14.Ne4 O-O 15.Be3 Bd4 16.Rac1 Qe7 17.a3 Bxe3 18.Qxe3 Nd4
19.Bd3 h6 20.Nd2 Bd7 21.Nc4 Bb5 22.Nxe5 Bxd3 23.Qxd3 Rfd8 24.Rfe1
Rd5 25.Qe4 Rad8 26.h3 Qg5 27.Rc3 Qf5 28.h4 Rf8 29.f3 Qxe4 30.Rxe4
Rf5 31.Ng6 Rd7 32.Rc8+ 1-0

[Event "Najdorf Memorial"]
[Site "Warsaw POL"]
[Date "2015.07.14"]
[Round "5.18"]
[White "Lewtak, Damian"]
[Black "Neiksans, Arturs"]
[Result "0-1"]
[WhiteElo "2341"]
[BlackElo "2597"]
[Annotator ""]
[Source ""]
[Remark ""]

1.d4 Nf6 2.c4 e6 3.Nf3 b6 4.g3 Ba6 5.Qb3 Nc6 6.Nbd2 d5 7.Qa4
Bb7 8.Bg2 Qd7 9.O-O O-O-O 10.cxd5 exd5 11.Qc2 Re8 12.Nb3 Ne4
13.Bf4 f6 14.Nfd2 Nxd2 15.Qxd2 g5 16.Be3 h5 17.Rfb1 h4 18.Nc1
hxg3 19.hxg3 Bb4 20.Qd3 Rh6 21.f3 Bd6 22.Bf2 Nb4 23.Qd2 Reh8
24.Kf1 Rh2 0-1

[Event "Najdorf Memorial"]
[Site "Warsaw POL"]
[Date "2015.07.14"]
[Round "5.19"]
[White "Bartel, Michal"]
[Black "Olszewski, Michal"]
[Result "1/2-1/2"]
[WhiteElo "2331"]
[BlackElo "2562"]
[Annotator ""]
[Source ""]
[Remark ""]

1.e4 c5 2.Nf3 d6 3.Bb5+ Nd7 4.O-O a6 5.Bd3 Ngf6 6.Re1 e5 7.c3
Be7 8.Bc2 O-O 9.d4 b5 10.a4 Bb7 11.Nbd2 Re8 12.Nf1 Bf8 13.Ng3
g6 14.b3 d5 15.Nxe5 Nxe5 16.dxe5 Nxe4 17.Nxe4 dxe4 18.Qxd8 Raxd8
19.Bg5 Rd7 20.axb5 axb5 21.Bxe4 Rxe5 22.Bxb7 Rxe1+ 23.Rxe1 Rxb7
24.Re8 Kg7 25.Kf1 b4 26.cxb4 Rxb4 27.Bh6+ Kxh6 28.Rxf8 Kg7 29.Rc8
Rb5 30.Ke2 Kf6 31.Kd2 Rxb3 32.Rxc5 1/2-1/2

[Event "Najdorf Memorial"]
[Site "Warsaw POL"]
[Date "2015.07.14"]
[Round "5.20"]
[White "Percivaldi, Martin"]
[Black "Romanishin, Oleg M"]
[Result "0-1"]
[WhiteElo "2310"]
[BlackElo "2475"]
[Annotator ""]
[Source ""]
[Remark ""]

1.d4 Nf6 2.c4 e6 3.Nf3 b6 4.g3 Ba6 5.Qb3 Nc6 6.Nbd2 Na5 7.Qc3
d5 8.c5 Nc4 9.Nxc4 Bxc4 10.b3 Ba6 11.b4 Be7 12.Bg2 O-O 13.Qc2
bxc5 14.bxc5 Rb8 15.Ne5 Qe8 16.O-O c6 17.Re1 Rb7 18.Bd2 Qc8 19.Bc3
Nd7 20.f4 f5 21.Nxd7 Qxd7 22.e3 Rfb8 23.Bf3 Bc4 24.g4 Rb5 25.Kh1
Bd8 26.Qd2 Qb7 27.Rg1 Qa6 28.Qg2 Bf6 29.Qc2 R5b7 30.Rgd1 Qa3
31.Rdc1 g6 32.Rg1 Kh8 33.Rg2 Qa6 34.Rd2 Bb5 35.Rg1 Bd8 36.h4
Qa4 37.Qc1 Bc4 38.Bd1 Qa6 39.Bc2 Be2 40.gxf5 exf5 41.Qe1 Bf3+
42.Kh2 Qc4 43.Qa1 Be4 44.Bxe4 fxe4 45.Kh3 Bf6 46.Rgd1 Qa6 47.Qc1
Rb5 48.h5 Qc8+ 49.Kh2 Qf5 50.hxg6 Rg8 51.Rg2 Rxg6 52.Rxg6 Qh5+
53.Kg2 Qxg6+ 54.Kf1 Qg3 55.Rd2 Qf3+ 56.Kg1 Qxe3+ 57.Kh1 Rb8 58.Qc2
Qh3+ 59.Kg1 Rg8+ 0-1

[Event "Najdorf Memorial"]
[Site "Warsaw POL"]
[Date "2015.07.14"]
[Round "5.21"]
[White "Socko, Monika"]
[Black "Bednarek, Sylwester"]
[Result "1/2-1/2"]
[WhiteElo "2472"]
[BlackElo "2291"]
[Annotator ""]
[Source ""]
[Remark ""]

1.d4 e6 2.c4 f5 3.Nf3 Nf6 4.e3 d6 5.b3 g6 6.Bb2 Bg7 7.Nbd2 O-O
8.Qc2 Nc6 9.a3 Qe7 10.b4 a5 11.b5 Nd8 12.Be2 Nf7 13.a4 g5 14.Nb3
g4 15.Nfd2 c5 16.bxc6 bxc6 17.Bc3 Qc7 18.e4 Ng5 19.exf5 exf5
20.O-O f4 21.Bd3 Qf7 22.Rfe1 Qh5 23.Ne4 Ngxe4 24.Bxe4 d5 25.Bd3
g3 26.h3 f3 27.Re5 Qh6 28.fxg3 Ne4 29.Rxe4 dxe4 30.Bxe4 Qe3+
31.Kh2 fxg2 32.Rg1 Bxh3 33.Bxh7+ Kh8 34.Qc1 Qf3 35.Bg6 Bf5 36.Nd2
Qd3 37.Bh5 Rf6 38.Kxg2 Be4+ 39.Nxe4 Qxe4+ 40.Kh3 Qe6+ 41.g4 Rf3+
42.Rg3 Rxg3+ 43.Kxg3 Qxc4 44.Bg6 Kg8 45.Qd2 Rb8 46.Bd3 Qd5 47.Qe2
Qd6+ 48.Kg2 Kf8 49.Bc4 Re8 50.Qd2 Re4 51.Qg5 Qf6 52.Qc5+ Ke8
53.Qh5+ Kd7 54.d5 Qxc3 55.Qf5+ Kd6 56.Qxe4 Qd2+ 57.Kh3 Be5 58.Qg6+
Kc5 59.Qxc6+ Kd4 60.Kh4 Qe1+ 61.Kh5 Qh1+ 62.Kg6 Qe4+ 63.Kf7 Qxg4 1/2-1/2

[Event "Najdorf Memorial"]
[Site "Warsaw POL"]
[Date "2015.07.14"]
[Round "5.22"]
[White "Nguyen, Piotr"]
[Black "Krzyzanowski, Marcin"]
[Result "1-0"]
[WhiteElo "2273"]
[BlackElo "2427"]
[Annotator ""]
[Source ""]
[Remark ""]

1.c4 e5 2.g3 Nf6 3.Bg2 h6 4.Nc3 Bb4 5.Nf3 Bxc3 6.bxc3 d6 7.d3
O-O 8.O-O Re8 9.e4 a6 10.a4 a5 11.Nh4 c6 12.Ba3 Na6 13.Re1 Be6
14.Rb1 Rb8 15.d4 Bxc4 16.Nf5 c5 17.dxe5 dxe5 18.Nd6 Be6 19.Nxe8
Qxe8 20.Bf1 c4 21.Rb5 Bd7 22.Rxa5 Bc6 23.Qb1 Rd8 24.Bxc4 Nc7
25.f3 Ne6 26.Rxe5 Nd7 27.Rd5 Ng5 28.Kf2 Ra8 29.Bb5 Qe6 30.h4
Bxd5 31.exd5 Qh3 32.Rh1 1-0

[Event "Najdorf Memorial"]
[Site "Warsaw POL"]
[Date "2015.07.14"]
[Round "5.23"]
[White "Paszewski, Mateusz"]
[Black "Blahynka, Martin"]
[Result "1-0"]
[WhiteElo "2252"]
[BlackElo "2420"]
[Annotator ""]
[Source ""]
[Remark ""]

1.g3 Nf6 2.c4 e5 3.Bg2 d5 4.cxd5 Nxd5 5.Nc3 Nb6 6.Nf3 Nc6 7.O-O
Be7 8.a3 O-O 9.b4 Be6 10.d3 Nd4 11.Nd2 c6 12.e3 Nb5 13.Nxb5 cxb5
14.Nb3 Qd7 15.Bb2 f6 16.Rc1 Rac8 17.Rxc8 Rxc8 18.d4 Nc4 19.Bc1
Rd8 20.Qc2 b6 21.dxe5 fxe5 22.Be4 h6 23.f4 Bh3 24.Re1 Bf6 25.Bf3
Qd3 26.Be4 Qd7 27.Bf3 exf4 28.gxf4 Qe6 29.e4 Bh4 30.Rd1 Rc8 31.Qd3
Rd8 32.Qc2 Rc8 33.Qd3 Qg6+ 34.Kh1 Rd8 35.Qe2 Qf6 36.e5 Qe7 37.Nd4
a6 38.Nc6 Rxd1+ 39.Qxd1 Qe8 40.Qd5+ Be6 41.Qe4 Qf7 42.Nd4 Bc8
43.Qc6 Qf8 44.Bd5+ Kh8 45.Ne6 Bxe6 46.Qxe6 Bg5 47.Kg2 Bh4 48.f5
Bg5 49.Bxg5 hxg5 50.Kf2 g6 51.f6 g4 52.Qe7 1-0

[Event "Najdorf Memorial"]
[Site "Warsaw POL"]
[Date "2015.07.14"]
[Round "5.24"]
[White "Vydeslaver, Alik"]
[Black "Woloch, Oskar"]
[Result "1-0"]
[WhiteElo "2398"]
[BlackElo "2108"]
[Annotator ""]
[Source ""]
[Remark ""]

1.Nf3 Nc6 2.d4 d5 3.g3 Bg4 4.Bg2 e6 5.O-O Nf6 6.b3 Be7 7.Bb2
O-O 8.c4 Bxf3 9.Bxf3 Ne4 10.Bg2 f5 11.e3 Nb8 12.Nd2 Nd7 13.Nxe4
dxe4 14.f3 exf3 15.Qxf3 Rb8 16.e4 g6 17.Rad1 c6 18.Rfe1 Bb4 19.Rf1
Qe7 20.exf5 exf5 21.d5 cxd5 22.Qxd5+ Rf7 23.Kh1 h6 24.Qd4 Kh7
25.Qxa7 Bc5 26.Qa5 Nf6 27.Bxf6 Rxf6 28.Rfe1 Qf8 29.Rd7+ Kh8 30.Qc7
Rd6 31.Rf7 Qg8 32.Qxc5 1-0

[Event "Najdorf Memorial"]
[Site "Warsaw POL"]
[Date "2015.07.14"]
[Round "5.25"]
[White "Kowalski, Igor"]
[Black "Johannesson, Ingvar Thor"]
[Result "1-0"]
[WhiteElo "2146"]
[BlackElo "2372"]
[Annotator ""]
[Source ""]
[Remark ""]

1.c4 c5 2.Nc3 g6 3.g3 Bg7 4.Bg2 Nc6 5.e4 d6 6.Nge2 Nf6 7.O-O
O-O 8.d3 Ne8 9.Be3 Nd4 10.Qd2 Nc7 11.Bh6 Nce6 12.Bxg7 Kxg7 13.f4
f5 14.exf5 gxf5 15.Nd5 Rf7 16.Nec3 Nf8 17.Rae1 Bd7 18.Qd1 Rb8
19.Qh5 e6 20.Ne3 Qf6 21.g4 Qg6 22.Qh4 fxg4 23.Ne4 Nf5 24.Nxf5+
exf5 25.Ng5 Qf6 26.Bd5 h6 27.Bxf7 hxg5 28.fxg5 Qd4+ 29.Rf2 Kxf7
30.Re4 Ng6 31.Qg3 Qh8 32.Qxd6 Rd8 33.Qc7 Qf8 34.Rxf5+ 1-0

[Event "Najdorf Memorial"]
[Site "Warsaw POL"]
[Date "2015.07.14"]
[Round "5.26"]
[White "Przedmojski, Rafal"]
[Black "Reza, Wojciech"]
[Result "0-1"]
[WhiteElo "2362"]
[BlackElo "2212"]
[Annotator ""]
[Source ""]
[Remark ""]

1.e4 e5 2.f4 exf4 3.Nf3 Nf6 4.e5 Nh5 5.d4 d5 6.Be2 Bg4 7.O-O
c6 8.Ne1 Bxe2 9.Qxe2 g6 10.Nd3 Na6 11.Bxf4 Nxf4 12.Nxf4 Bg7 13.c3
Nc7 14.Nd2 Qe7 15.Qg4 O-O 16.Rae1 Rae8 17.Nf3 Ne6 18.g3 Bh6 19.Nh5
Bg7 20.Nxg7 Nxg7 21.Ng5 Nh5 22.Kg2 Qd8 23.Nf3 f5 24.Qg5 Qxg5
25.Nxg5 h6 26.Nh3 g5 27.Nf2 Ng7 28.Nd3 Ne6 29.Kf3 Kg7 30.Ke3
Kg6 31.Rf2 a5 32.a4 b6 33.b4 c5 34.bxc5 bxc5 35.dxc5 Rb8 36.Ree2
Rb3 37.Rb2 Rxc3 38.Rb6 Re8 39.Rfb2 f4+ 40.gxf4 gxf4+ 41.Kd2 Rc4
42.Rd6 Kf5 43.Rxd5 Ke4 44.Rd6 Nxc5 45.Nxc5+ Rxc5 46.e6 Kf5 47.Rbb6
Re5 48.Ra6 Re7 49.Rdb6 f3 50.Rb5 Rxb5 51.axb5 Rxe6 52.b6 f2 53.Rxa5+
Kg4 54.Ra1 Kf3 55.Rb1 Re2+ 0-1

[Event "Najdorf Memorial"]
[Site "Warsaw POL"]
[Date "2015.07.14"]
[Round "5.27"]
[White "Matuszewski, Michal"]
[Black "Masse, Hugues"]
[Result "1-0"]
[WhiteElo "2471"]
[BlackElo "2222"]
[Annotator ""]
[Source ""]
[Remark ""]

1.Nf3 Nf6 2.g3 g6 3.c4 Bg7 4.Bg2 O-O 5.d4 d6 6.O-O Nc6 7.Nc3
Bg4 8.Ne1 Qc8 9.Nc2 Bh3 10.e4 Bxg2 11.Kxg2 e5 12.d5 Ne7 13.f3
Nd7 14.Ne1 f5 15.Nd3 b6 16.Bg5 Bf6 17.Qd2 Nc5 18.Nxc5 bxc5 19.Bxf6
Rxf6 20.f4 Qd7 21.fxe5 dxe5 22.exf5 gxf5 23.Rae1 Ng6 24.Ne4 Rf7
25.Nxc5 Qd6 26.Ne6 c6 27.b3 Rc8 28.Rd1 cxd5 29.Qxd5 Qxd5+ 30.cxd5
f4 31.Rf2 f3+ 32.Kg1 e4 33.Ng5 Re7 34.Re1 Ne5 35.Rxe4 Rc1+ 36.Rf1
f2+ 37.Kg2 Rxf1 38.Kxf1 h6 39.d6 Rd7 40.Rxe5 hxg5 41.Re8+ Kf7
42.Re7+ 1-0

[Event "Najdorf Memorial"]
[Site "Warsaw POL"]
[Date "2015.07.14"]
[Round "5.28"]
[White "Teclaf, Pawel"]
[Black "Stoma, Pawel"]
[Result "0-1"]
[WhiteElo "2235"]
[BlackElo "2353"]
[Annotator ""]
[Source ""]
[Remark ""]

1.e4 c6 2.d4 g6 3.Nf3 Bg7 4.Nc3 d6 5.Bc4 Nf6 6.O-O b5 7.Bd3 O-O
8.Qe2 b4 9.Na4 Nfd7 10.Bd2 c5 11.e5 Nb6 12.Nxb6 axb6 13.c3 bxc3
14.bxc3 cxd4 15.cxd4 dxe5 16.dxe5 Ra3 17.Bb5 Bg4 18.Bb4 Bxf3
19.gxf3 Ra7 20.Rfd1 Qc8 21.Qe4 Qe6 22.Re1 Nd7 23.f4 Rc8 24.Kh1
Nf8 25.a4 Rac7 26.Bd3 Rc4 27.Bxc4 Rxc4 28.Qe3 Rxb4 29.Red1 Qc6+
30.f3 Rxa4 31.Rab1 Ra2 32.Rbc1 Qe6 33.Rd2 Bh6 34.Rb1 Rxd2 35.Qxd2
Qc4 36.Rd1 Bxf4 37.Qg2 Bxe5 38.Re1 Bd6 39.Qg5 Qc3 0-1

[Event "Najdorf Memorial"]
[Site "Warsaw POL"]
[Date "2015.07.14"]
[Round "5.29"]
[White "Saatdjian, Thomas"]
[Black "Janik, Igor"]
[Result "1/2-1/2"]
[WhiteElo "2353"]
[BlackElo "2261"]
[Annotator ""]
[Source ""]
[Remark ""]

1.d4 Nf6 2.c4 g6 3.Nc3 Bg7 4.e4 d6 5.Nf3 O-O 6.Be2 Na6 7.O-O
e5 8.Be3 Ng4 9.Bg5 Qe8 10.Re1 exd4 11.Nd5 f6 12.Bf4 c6 13.Nxd4
cxd5 14.Bxg4 Bxg4 15.Qxg4 dxe4 16.Ne6 f5 17.Nxg7 Kxg7 18.Qg3
Qe6 19.Bxd6 Rfd8 20.c5 b6 21.b4 Rac8 22.Qa3 bxc5 23.bxc5 Rc6
24.Rab1 Qc8 25.Rec1 h5 26.h4 Rd7 27.Kh2 Kh7 28.g3 Rg7 29.Rb3
g5 30.hxg5 Rxg5 31.Rcb1 Rg7 32.Rb5 h4 33.Qe3 hxg3+ 34.fxg3 Qe6
35.Rb7 Nxc5 36.Bxc5 Rcc7 37.Rxc7 Qxa2+ 38.Qf2 Qxf2+ 39.Bxf2 Rxc7
40.Ra1 Rc2 41.Rxa7+ Kg6 42.Kg1 Rc3 43.Kg2 Rf3 44.Re7 Kf6 45.Re8
Kf7 46.Re5 Kf6 47.Bd4 Kg5 48.Bb2 Kg4 1/2-1/2